Booker Prize winner Indian English novels : (Record no. 69627)

MARC details
000 -LEADER
fixed length control field 01008nam a22002537a 4500
005 - DATE AND TIME OF LATEST TRANSACTION
control field 20120903111527.0
008 - FIXED-LENGTH DATA ELEMENTS--GENERAL INFORMATION
fixed length control field 120903t xxu||||| |||| 00| 0 eng d
010 ## - LCCN (DPL NO)
LC control number ENG-105759
020 ## - INTERNATIONAL STANDARD BOOK NUMBER
International Standard Book Number 9788179103418
Terms of availability 800.00
035 ## - SYSTEM CONTROL NUMBER
System control number EN-89292
037 ## - SOURCE OF ACQUISITION
Source of stock number/acquisition DBAD/PUB
040 ## - CATALOGING SOURCE
Original cataloging agency DPL
Language of cataloging English
082 ## - DEWEY DECIMAL CLASSIFICATION NUMBER
Classification number 823.91
100 ## - MAIN ENTRY--PERSONAL NAME
9 (RLIN) 51942
245 ## - TITLE STATEMENT
Title Booker Prize winner Indian English novels :
Statement of responsibility, etc edited by Arvind M. Nawale [and] Vishwanath Bite
Remainder of title a kaleidoscopic study /
260 ## - PUBLICATION, DISTRIBUTION, ETC. (IMPRINT)
Place of publication, distribution, etc Jaipur
Name of publisher, distributor, etc Aavishkar Publishers, Distributors
Date of publication, distribution, etc 2012
270 ## - ADDRESS
Address 807, Vyas Building, Chaura Rasta
City Jaipur(Rajasthan)
Postal code 302003
Electronic mail address aavishkarbooks@hotmail.com
300 ## - PHYSICAL DESCRIPTION
Extent xv,228p.
Dimensions 23cm(Hb)
500 ## - GENERAL NOTE
General note Includes bibliographical references
700 ## - ADDED ENTRY--PERSONAL NAME
Personal name Nawale, Arvind M.
9 (RLIN) 51943
700 ## - ADDED ENTRY--PERSONAL NAME
Personal name Bite, Vishwanath
9 (RLIN) 51944
942 ## - ADDED ENTRY ELEMENTS (KOHA)
Source of classification or shelving scheme Dewey Decimal Classification
Item type English Books
Classification part 823.91
Call number suffix BOO
Holdings
Withdrawn status Lost status Source of classification or shelving scheme Damaged status Not for loan Collection code Home library Current library Date acquired Source of acquisition Cost, normal purchase price Total Checkouts Full call number Barcode Date last seen Copy number Cost, replacement price Koha item type
    Dewey Decimal Classification   Not For Loan Non-fiction D.B.Act.Division D.B.Act.Division 03/09/2012 DBAD / PUB 800.00   823.91 BOO EN-89292 03/09/2012 1 800.00 English Books

© Delhi Public Library
Hit Counter
free hit counter